MyGZULibrary

Formal organizations : (Record no. 2700)

MARC details
000 -LEADER
fixed length control field 01630cam a22003614a 4500
001 - CONTROL NUMBER
control field 13268776
003 - CONTROL NUMBER IDENTIFIER
control field GZU
005 - DATE AND TIME OF LATEST TRANSACTION
control field 20201105093604.0
008 - FIXED-LENGTH DATA ELEMENTS--GENERAL INFORMATION
fixed length control field 030710r20031962cau b 001 0deng
010 ## - LIBRARY OF CONGRESS CONTROL NUMBER
LC control number 2003015350
020 ## - INTERNATIONAL STANDARD BOOK NUMBER
International Standard Book Number 080474890X (pbk. : alk. paper)
040 ## - CATALOGING SOURCE
Original cataloging agency DLC
Transcribing agency DLC
Modifying agency DLC
042 ## - AUTHENTICATION CODE
Authentication code pcc
050 00 - LIBRARY OF CONGRESS CALL NUMBER
Classification number HD31
Item number .B53 2003
082 00 - DEWEY DECIMAL CLASSIFICATION NUMBER
Classification number 302.3/5
Edition number 22
100 1# - MAIN ENTRY--PERSONAL NAME
Personal name Blau, Peter Michael.
245 10 - TITLE STATEMENT
Title Formal organizations :
Remainder of title a comparative approach /
Statement of responsibility, etc. Peter M. Blau and W. Richard Scott.
260 ## - PUBLICATION, DISTRIBUTION, ETC.
Place of publication, distribution, etc. Stanford, Calif. :
Name of publisher, distributor, etc. Stanford Business Books,
Date of publication, distribution, etc. 2003.
300 ## - PHYSICAL DESCRIPTION
Extent xxviii, 312 p. ;
Dimensions 22 cm.
440 #0 - SERIES STATEMENT/ADDED ENTRY--TITLE
Title Stanford business classics
500 ## - GENERAL NOTE
General note Originally published: San Francisco : Chandler Publishing Company, 1962. Chandler publications in anthropology. With new introd.
500 ## - GENERAL NOTE
General note New introduction includes biographical and professional data for both authors.
504 ## - BIBLIOGRAPHY, ETC. NOTE
Bibliography, etc. note Includes bibliographical references (p. 258-301) and indexes.
650 #0 - SUBJECT ADDED ENTRY--TOPICAL TERM
Topical term or geographic name entry element Comparative organization.
650 #0 - SUBJECT ADDED ENTRY--TOPICAL TERM
Topical term or geographic name entry element Associations, institutions, etc.
700 1# - ADDED ENTRY--PERSONAL NAME
Personal name Scott, W. Richard.
856 41 - ELECTRONIC LOCATION AND ACCESS
Materials specified Table of contents
Uniform Resource Identifier <a href="http://www.loc.gov/catdir/toc/ecip046/2003015350.html">http://www.loc.gov/catdir/toc/ecip046/2003015350.html</a>
856 42 - ELECTRONIC LOCATION AND ACCESS
Materials specified Contributor biographical information
Uniform Resource Identifier <a href="http://www.loc.gov/catdir/enhancements/fy0710/2003015350-b.html">http://www.loc.gov/catdir/enhancements/fy0710/2003015350-b.html</a>
856 42 - ELECTRONIC LOCATION AND ACCESS
Materials specified Publisher description
Uniform Resource Identifier <a href="http://www.loc.gov/catdir/enhancements/fy0710/2003015350-d.html">http://www.loc.gov/catdir/enhancements/fy0710/2003015350-d.html</a>
906 ## - LOCAL DATA ELEMENT F, LDF (RLIN)
a 7
b cbc
c orignew
d 1
e ecip
f 20
g y-gencatlg
942 ## - ADDED ENTRY ELEMENTS (KOHA)
Source of classification or shelving scheme Library of Congress Classification
Koha item type Books
Classification part 31
Item part BLA
Call number prefix HD
Call number suffix 2003
Holdings
Withdrawn status Lost status Damaged status Not for loan Collection code Home library Current library Shelving location Date acquired Total Checkouts Full call number Barcode Date last seen Copy number Price effective from Koha item type
        Non-fiction City Campus Library City Campus Library General Stacks 11/05/2020   HD31 BLA 2003 B0177440 11/05/2020 c.1 11/05/2020 Books